000 00766nam a22002412 4500
001 47561
003 BD-RjUL
005 20211209054337.0
008 160809s1950 enk 000 0 eng
035 _aOCLC ocm08584247 from D960916M
_a(BD-RjUL)47680
040 _aDLC
_cSOI
_dUKM
_dEQO
_dBD-RjUL
_beng
041 _aeng
082 _a371.1
_bRIT 1950
100 1 _aRich, Rowland William,
_d1901-
_9144568
245 1 4 _aThe teacher in a planned society.
_cRowland William Rich.
260 _aLondon :
_bUniversity of London Press,
_c1950
300 _a120 p. ;
_c19 cm.
490 0 _aEducational issues of to-day
650 0 _aTeachers
_zGreat Britain.
_9144569
650 0 _aEducation and state
_zGreat Britain.
_9144570
942 _2ddc
_cBK
999 _c47561
_d47561